A kristályos rádió-vevőkészülék tanítás a polgári iskola III. osztályában /
Elmentve itt :
| Szerző: | |
|---|---|
| Dokumentumtípus: | Cikk |
| Megjelent: |
1937
|
| Sorozat: | A cselekvés iskolája
5 |
| Kulcsszavak: | Neveléstudomány |
| Online Access: | http://acta.bibl.u-szeged.hu/33589 |
| LEADER | 00614nab a2200169 i 4500 | ||
|---|---|---|---|
| 001 | acta33589 | ||
| 005 | 20210722091319.0 | ||
| 008 | 161017s1937 hu o 0|| hun d | ||
| 040 | |a SZTE Egyetemi Kiadványok Repozitórium |b hun | ||
| 041 | |a hun | ||
| 100 | 1 | |a Matzkó Gyula | |
| 245 | 1 | 2 | |a A kristályos rádió-vevőkészülék |h [elektronikus dokumentum] : |b tanítás a polgári iskola III. osztályában / |c Matzkó Gyula |
| 260 | |c 1937 | ||
| 300 | |a 161-165 | ||
| 490 | 0 | |a A cselekvés iskolája |v 5 | |
| 695 | |a Neveléstudomány | ||
| 856 | 4 | 0 | |u http://acta.bibl.u-szeged.hu/33589/1/cselekves_005_161-165.pdf |z Dokumentum-elérés |